000 00735nam a2200205 a 4500
003 AM-YeHGA
040 _aAM-YeHGA
090 _c213071
001 000550491
005 20250618073125.0
008 070917s1919 ai r 000 0 arm d
041 0 _aarm
100 1 _aԱրամյան, Հմայակ Հայրապետի,
_d1878-1919
_9770
245 1 0 _aԱնկախ Հայաստան :
_bՊատմութիւն Հնչակեան կուսակցութեան /
_cԱրամեանց Հմայակ.
260 _aԿ. Պոլիս :
_bՍանճագճեան,
_c1919.
300 _aհատոր.
505 1 _gՀ. 3 (1919, 46 էջ)
650 1 4 _aԿուսակցական գործիչներ
_xՀնչակյան կուսակցություն
942 _2udc
_cBK
999 _c211559
_d211559